000 01407nam a2200349 i 4500
003 EG-GICUC
005 20260208162711.0
008 260110s2013 ua ||||f |||| 00| 0 ara d
017 _a2013/5279
020 _a9789770472477
040 _a EG-GICUC
_bara
_c EG-GICUC
_d EG-GICUC
_erda
041 _aara
082 0 4 _221
_a342.35
_bه ش . ح
092 0 4 _221
099 _aLaw1 08 342.35 ه ش . ح 2013
100 0 _aهشام عبد المنعم عكاشة
_eمؤلف.
245 1 2 _aالحق في الحصول على المعلومات :
_bدراسة مقارنة /
_cدكتور هشام عبد المنعم عكاشة .
264 1 _aالقاهرة :
_bدار النهضة العربية ،
_c2013 .
300 _a238 ؛ صفحة
_c24 سم
_bإيضاحيات، صور، مثيليات ؛
336 _2rda content
_atext
337 _2rda media
_aComputer
338 _2rda carrier
_aOnline Resource
504 _a. 238-236 ببليوجرافيا: صفحات.
504 _aيشتمل على إرجاعات ببليوجرافية
505 _aنحو آليات تفعيل نص المادة (47) من دستور مصر الثورة
650 1 4 _aالحقوق و الحريات العامة
_2qrmak
650 1 4 _aالقانون الدستورى
_2qrmak
651 1 _2qrmak
856 4 0 _uhttps://fll.law.cu.edu.eg/fulltext/bks/B08-03818.pdf
905 _a61
_eYara
942 _2ddc
_cBK
_e21
_n0
999 _c55938
_d55938